| 000 | 00431nam a22001577a 4500 | ||
|---|---|---|---|
| 020 | _a978-81-7381-825-7 | ||
| 082 |
_a823 _bHAG/K |
||
| 100 | _aHAGGARD, RIDER H | ||
| 245 |
_aKING SOLOMON;S MINES _bADAPTED BY TERRY O'BRIEN |
||
| 246 |
_aKING SOLOMON;S MINES _bADAPTED BY TERRY O'BRIEN |
||
| 260 |
_aKOLKATA _bNEW CENTRAL BOOK AGENCY (P) LTD _c2012 |
||
| 300 | _a143 | ||
| 520 | _aSHORT STORY | ||
| 650 | _aSHORT STORY | ||
| 942 | _cBK | ||
| 999 |
_c2967 _d2967 |
||